| 000 | 01799nam a2200349 i 4500 | ||
|---|---|---|---|
| 999 |
_c2777 _d2777 |
||
| 001 | ocn231882053 | ||
| 003 | OCoLC | ||
| 005 | 20230821084910.0 | ||
| 008 | 180712s2008 enka e 000 1 eng d | ||
| 020 | _a9780194792158 | ||
| 040 |
_aUKM _beng _cUKM _dYDXCP _dTVG _dBTCTA _dOCLCF _dOCLCO _dOCLCQ _dOCLCO _dCaOL _dKH8 _erda |
||
| 082 | _a428.6 BAS | ||
| 100 | 1 |
_aBassett, Jennifer, _eauthor. |
|
| 245 | 1 | 4 |
_aThe accidental tourist / _cAnne Tyler ; retold by Jennifer Bassett. |
| 250 | _aSimplified edition. | ||
| 264 | 1 |
_aOxford, [England] : _bOxford University Press, _c2008. |
|
| 264 | 4 | _c©2008. | |
| 300 |
_a104 pages : _billustrations ; _c20 cm. |
||
| 336 |
_atext _btxt _2rdacontent. |
||
| 337 |
_aunmediated _bn _2rdamedia. |
||
| 338 |
_avolume _bnc _2rdacarrier. |
||
| 490 | 0 | _aOxford bookworms library. Stage 5, Human interest. | |
| 500 | _aIncluded in the reader: story and activities. | ||
| 520 | _a"Everday life in Baltimore, USA, is full of problems - getting the washing done, buying groceries and dog food, avoiding the neighbors...After the death of his son and the departure of his wife, Macon's attempts to run his own life become increasingly desperate - and more and more odd. Meanwhile, he has to get on with his work, writing tourist guides for business people. Then his dog Edwards starts to bite people, and he has to send for Muriel, the dog trainer. And day by day, Macon's life gets more and more complicated." --Back cover. | ||
| 650 | 0 |
_aReading comprehension _vProblems, exercises, etc. |
|
| 650 | 0 | _aHigh interest-low vocabulary books. | |
| 650 | 0 | _aReaders (Adult) | |
| 650 | 0 | _aReaders for new literates. | |
| 700 | 1 |
_iBased on (work): _aTyler, Anne. _tAccidental tourist. |
|
| 830 | 0 |
_aOxford bookworms library. _pHuman interest. _nStage 5. |
|
| 942 |
_2ddc _cTR |
||